000 00403nam a2200157Ia 4500
008 231217s9999 xx 000 0 und d
020 _a8178810964
041 _aEnglish
082 _a353.13274 GUP;1 R
100 _aGupta, Vivek ed.
245 0 _aE-Government : the new revolution
260 _c2002
_bIcfai
_aHyderabad
300 _axii, 194
650 _aE-Government,revolution
942 _cAA
999 _c188480
_d188480